[Event "IRI-ch U18 Girls"]
[Site "Chess.com INT"]
[Date "2021.01.16"]
[Round "7"]
[White "Arab Zeinali, Mahboubeh"]
[Black "Delshad, Shaghayegh"]
[Result "1-0"]
[WhiteElo "1274"]
[BlackElo "1334"]
[PlyCount "109"]
[EventDate "2021.01.16"]
[EventType "swiss"]
[EventRounds "9"]
[EventCountry "IRI"]
[SourceTitle "CBM 200 Extra"]
[Source "ChessBase"]
[SourceDate "2021.03.31"]
[SourceVersion "1"]
[SourceVersionDate "2021.03.31"]
[SourceQuality "1"]

1. e4 e5 2. Nf3 Nc6 3. d4 exd4 4. Nxd4 Nxd4 5. Qxd4 Qf6 6. Be3 Qxd4 7. Bxd4 f6 8. a3 d6 9. Bc4 Ne7 10. h3 Nc6 11. Bc3 Bd7 12. Nd2 0-0-0 13. 0-0-0 Ne5 14. Bb3 Bc6 15. f4 Ng6 16. g3 d5 17. exd5 Bxd5 18. Bxd5 Rxd5 19. Ne4 Rxd1+ 20. Rxd1 Be7 21. h4 h5 22. Nd2 Bc5 23. Nc4 Rd8 24. Be1 Ne7 25. b4 Rxd1+ 26. Kxd1 Bd4 27. c3 Bg1 28. a4 a6 29. Ke2 Nf5 30. Kf1 Ba7 31. Kg2 b5 32. axb5 axb5 33. Nd2 Ne3+ 34. Kf3 Nd5 35. Ne4 Kd7 36. f5 Ne3 37. Bf2 Nxf5 38. Bxa7 Ke6 39. Bd4 Nxd4+ 40. cxd4 Kd5 41. Nc5 Kxd4 42. Ne6+ Kc4 43. Nxc7 Kxb4 44. Kf4 Kc4 45. Nxb5 Kxb5 46. Kf5 Kc4 47. Kg6 Kd3 48. Kxg7 Ke3 49. Kxf6 Kf3 50. Kg5 Kxg3 51. Kxh5 Kf4 52. Kg6 Ke5 53. h5 Ke6 54. Kg7 Ke7 55. h6 1-0

[Event "IRI-ch U18 Girls"]
[Site "Chess.com INT"]
[Date "2021.01.16"]
[Round "8"]
[White "Montazeri, Maryam"]
[Black "Arab Zeinali, Mahboubeh"]
[Result "0-1"]
[WhiteElo "1425"]
[BlackElo "1274"]
[PlyCount "80"]
[EventDate "2021.01.16"]
[EventType "swiss"]
[EventRounds "9"]
[EventCountry "IRI"]
[SourceTitle "CBM 200 Extra"]
[Source "ChessBase"]
[SourceDate "2021.03.31"]
[SourceVersion "1"]
[SourceVersionDate "2021.03.31"]
[SourceQuality "1"]

1. d4 Nf6 2. c4 g6 3. Nc3 d6 4. Nf3 Bg7 5. e4 Nbd7 6. Bd3 e5 7. d5 0-0 8. Be3 h6 9. h3 Ne8 10. Qd2 Kh7 11. g4 Nc5 12. Ng1 f5 13. exf5 gxf5 14. Bxf5+ Bxf5 15. gxf5 Rxf5 16. Qc2 Qf6 17. Nge2 Kh8 18. Ng3 Rf3 19. Nh5 Qh4 20. Nxg7 Nxg7 21. Qe2 Raf8 22. 0-0-0 Ne4 23. Nxe4 Qxe4 24. Qd3 Qxd3 25. Rxd3 Nf5 26. Kc2 Nxe3+ 27. fxe3 Rg3 28. e4 Rf2+ 29. Rd2 Rff3 30. h4 Re3 31. Rf2 Rxe4 32. b3 Rgg4 33. Rf7 Rg7 34. Rf8+ Kh7 35. h5 a5 36. Rhf1 b6 37. Re8 Rh4 38. Rf5 Rh2+ 39. Kd3 Rg3+ 40. Ke4 Re2# 0-1